00310nam a2200121Ia 4500008004100000041000800041082001500049100001700064245002900081250000800110260005900118300001100177231228s1996 xx 000 0 und d aeng a658.3bSMI aSMITH (D.K.) aTaking Chanrge of Change a4th aNew YorkbAddison Wesley Publishing Co New York,c1996 aXI,314